Machiavelli: cynic, patriot, or political scientist? / (Record no. 30579)
[ view plain ]
| 000 -LEADER | |
|---|---|
| fixed length control field | 00717cam a22002411 4500 |
| 001 - CONTROL NUMBER | |
| control field | 30579 |
| 003 - CONTROL NUMBER IDENTIFIER | |
| rucl marc code | BD-RjUL |
| 005 - DATE AND TIME OF LATEST TRANSACTION | |
| control field | 20211209051602.0 |
| 008 - FIXED-LENGTH DATA ELEMENTS--GENERAL INFORMATION | |
| fixed length control field | 140410r19661960mau 000 0beng |
| 035 ## - SYSTEM CONTROL NUMBER | |
| System control number | (BD-RjUL)30665 |
| 040 ## - CATALOGING SOURCE | |
| Original cataloging agency | DLC |
| Transcribing agency | DLC |
| Modifying agency | DLC |
| -- | BD-RjUL |
| Language of cataloging | eng |
| 041 ## - LANGUAGE CODE | |
| Language code of text/sound track or separate title | eng |
| 082 00 - DEWEY DECIMAL CLASSIFICATION NUMBER | |
| Classification number | 320.1092 |
| Author mark and year | MAC 1966 |
| 245 00 - TITLE STATEMENT | |
| Title | Machiavelli: cynic, patriot, or political scientist? / |
| Statement of responsibility, etc. | De Lamar Jensen. |
| 260 ## - PUBLICATION, DISTRIBUTION, ETC. (IMPRINT) | |
| Place of publication, distribution, etc. | Boston : |
| Name of publisher, distributor, etc. | Heath, |
| Date of publication, distribution, etc. | c1960 [Reprinted 1966]. |
| 300 ## - PHYSICAL DESCRIPTION | |
| Pagination | 111 p. ; |
| Size | 24 cm. |
| 490 0# - SERIES STATEMENT | |
| Series statement | Problems in European civilization |
| 600 10 - SUBJECT ADDED ENTRY--PERSONAL NAME | |
| Personal name | Machiavelli, Niccolò, |
| Dates associated with a name | 1469-1527. |
| 700 1# - ADDED ENTRY--PERSONAL NAME | |
| Personal name | Jensen, De Lamar, |
| 942 ## - ADDED ENTRY ELEMENTS (KOHA) | |
| Source of classification or shelving scheme | Dewey Decimal Classification |
| Koha item type | Books |
| Lost status | Source of classification or shelving scheme | Damaged status | Not for loan | Permanent Location | Current Location | Shelving location | Date acquired | Source of acquisition | Cost, normal purchase price | Total Checkouts | Full call number | Date last seen | Copy number | Koha item type |
|---|---|---|---|---|---|---|---|---|---|---|---|---|---|---|
| Dewey Decimal Classification | Not For Loan | Central Library, University of Rajshahi | Central Library, University of Rajshahi | Reading Room | 02/02/1973 | OXFORD Uiversity press | 20.35 | 320.1092 MAC 1966 | 10/04/2014 | C-1 | Books | |||
| Dewey Decimal Classification | Central Library, University of Rajshahi | Central Library, University of Rajshahi | 02/02/1973 | OXFORD Uiversity press | 20.35 | 320.1092 MAC 1966 | 10/04/2014 | C-2 | Books |